| 000 | 00884nam a2200289 i 4500 | ||
|---|---|---|---|
| 003 | EG-GICUC | ||
| 005 | 20260420125933.0 | ||
| 008 | 260420m19561957ua |||f |||| 000 0 fre d | ||
| 040 |
_aEG-GiCUC _bfre _cEG-GiCUC _dEG-GiCUC _erda |
||
| 041 | _afre | ||
| 082 | 0 | 4 |
_221 _a343.3 _bDE. L |
| 092 | 0 | 4 | _221 |
| 099 | _aLaw1 10 343.3 DE. L 1956-1957 1010247 C1 | ||
| 100 | 1 |
_aDelogu,Tullio _eAuthor. |
|
| 245 | 1 | 2 |
_aLa LOI Penale Et Son Application / _cTullio Delogu. |
| 264 | 1 |
_aCairo : _bUniversités Égyptiennės, _c1956-1957. |
|
| 300 |
_a244 pages ; _c24 cm. |
||
| 336 |
_2rda content _atext |
||
| 337 |
_2rda media _aComputer |
||
| 338 |
_2rda carrier _aOnline Resource |
||
| 650 | 1 | 4 | _aLaw of criminal procedure |
| 650 | 1 | 4 | _aCriminal Procedure |
| 651 | 1 | _2qrmak | |
| 856 | 4 | 0 | _uhttps://fll.law.cu.edu.eg/fulltext/bks/B10-10247.pdf |
| 905 | _a164 | ||
| 942 |
_2ddc _cBK _e21 _n0 |
||
| 999 |
_c72144 _d72144 |
||